00473 2200193 4500001002100000005001500021008004100036020001800077035001900095041000700114082001200121090001800133100001500151245003300166260003300199300002200232500001100254650001400265INLIS00000000000268420241224112601241224||||||||| | ||| |||| || |  a979-757-122-x 0010-1224002684 aid0 a796.334 a796.334 MUR d0 aMurhananto00aDasar-Dasar Permainan Futsal aJakartabKawan Pustakac2006 avi;58 hlm;23.5 cm aCet. 1 0aOlah Raga